Catálogo público

El latido de la montaña: (Record no. 219266)

MARC details
000 -CABECERA
campo de control de longitud fija 00781nam a2200241 4500
003 - IDENTIFICADOR DEL NÚMERO DE CONTROL
campo de control OSt
005 - FECHA Y HORA DE LA ÚLTIMA TRANSACCIÓN
campo de control 20231017114658.0
008 - DATOS DE LONGITUD FIJA--INFORMACIÓN GENERAL
campo de control de longitud fija 231016s2023 mx |||f |||| 001 0 spa d
040 ## - FUENTE DE LA CATALOGACIÓN
Normas de descripción rda
Centro/agencia transcriptor CHAP
082 00 - NÚMERO DE LA CLASIFICACIÓN DECIMAL DEWEY
Número de edición 22
Número de clasificación 861.4
Número de documento/Ítem D27
100 1# - ENTRADA PRINCIPAL--NOMBRE DE PERSONA
9 (RLIN) 188137
Nombre de persona Díaz Ruiz, Terezo
245 13 - MENCIÓN DE TÍTULO
Título El latido de la montaña:
Resto del título y otros poemas de amor /
Mención de responsabilidad, etc. por Terezo Díaz Ruiz, compilado por Juana Cruz Morales
264 #1 - PRODUCCIÓN, PUBLICACIÓN, DISTRIBUCIÓN, FABRICACIÓN Y COPYRIGHT
Producción, publicación, distribución, fabricación y copyright México:
Nombre del de productor, editor, distribuidor, fabricante Universidad Autónoma Chapingo,
Fecha de producción, publicación, distribución, fabricación o copyright 2023.
300 ## - DESCRIPCIÓN FÍSICA
Extensión 124 páginas:
Otras características físicas sin ilustraciones
336 ## - TIPO DE CONTENIDO
Fuente rdacontent
Término de tipo de contenido texto
Código de tipo de contenido txt
337 ## - TIPO DE MEDIO
Fuente rdamedia
Nombre/término del tipo de medio sin medio
Código del tipo de medio n
338 ## - TIPO DE SOPORTE
Fuente rdacarrier
Nombre/término del tipo de soporte volumen
Código del tipo de soporte nc
504 ## - NOTA DE BIBLIOGRAFÍA, ETC.
Nota de bibliografía, etc. Incluye índice
650 #4 - PUNTO DE ACCESO ADICIONAL DE MATERIA--TÉRMINO DE MATERIA
9 (RLIN) 90146
Término de materia o nombre geográfico como elemento de entrada Poesía mexicana
700 1# - PUNTO DE ACCESO ADICIONAL--NOMBRE DE PERSONA
9 (RLIN) 29517
Nombre de persona Cruz Morales, Juana
Término indicativo de función/relación compilador
942 ## - ELEMENTOS DE PUNTO DE ACCESO ADICIONAL (KOHA)
Fuente del sistema de clasificación o colocación Dewey Decimal Classification
942 ## - ELEMENTOS DE PUNTO DE ACCESO ADICIONAL (KOHA)
Tipo de ítem Koha Libro
Holdings
Estado de retiro Estado de pérdida Fuente del sistema de clasificación o colocación Estado dañado Restricciones de uso No para préstamo Código de colección Localización permanente Ubicación/localización actual Ubicación en estantería Fecha de adquisición Total de préstamos Signatura topográfica completa Código de barras Fecha visto por última vez Precio válido a partir de Tipo de ítem Koha Fecha del último préstamo Número de copia
    Dewey Decimal Classification   Préstamo interno   Publicaciones UACh Biblioteca Central Biblioteca Central Planta alta - Área de Tesis - UACh 16/10/2023   861.4 D27 33724002580434 16/10/2023 16/10/2023 Libro    
    Dewey Decimal Classification   Préstamo 15 días   General Biblioteca Central Biblioteca Central Planta principal - Colección General 16/10/2023 1 861.4 D27 33724002580473 12/09/2025 16/10/2023 Libro 03/09/2025 c.2